01641nam a2200433 i 450000100060000000300090000600500170001500800410003202000150007304000360008804100080012404600090013208000130014108000100015408000070016408000090017124502310018026000470041130000410045833600270049933700540052633800280058038000160060838800140062438800140063849000460065250001530069850400340085165000240088565000240090965000110093365000130094465500290095765800110098665800250099770000430102283000440106585600980110931029KOSZ 00520230123134233.0991010s1996 pl f |100 0 eng d a0306453738 cKOSZ 005aKOSZ 005dKOSZ 005/HR0 aeng k1996 a628.3/.5 a504.5 a54 a(06)00aChemistry for the protection of the environment 2 :b[proceedings of the 10th International Conference for the Protection of the Environment, held September 17-21, 1995, in Lublin, Poland] /ced. by Lucjan Pawłowski [et al.]. aNew York ;aLondon :bPlenum Press,c1996. aXII, 448 s. :brys., wykr. ;c25 cm. 2rdacontentaTekstbtxt 2rdamediaaBez urządzenia pośredniczącegobn 2rdacarrieraWoluminbnc aKsiążki a1901-2000 a1989-20001 aEnvironmental Science Research ;vVol. 51 aProceedings of the 10th International Conference on Chemistry for the Protection of the Environment, held September 17-21, 1995 , in Lublin, Poland. aBibliogr. przy ref. - Indeks. 7aChemia środowiska 7aGospodarka odpadami 7aOdpady 7aŚcieki aMateriały konferencyjne aChemia aOchrona środowiska1 aPawłowski, Lucjand(1946- )eRedakcja 1aEnvironmental Science Researchvvol. 51 uhttp://koha.tu.koszalin.pl/cgi-bin/koha/opac-detail.pl?biblionumber=31029yKatalog online BPK